000 01210nam a2200193 4500
003 CO-ViMGA
020 _a9789583056963
040 _aCO-ViMGA
_bspa
_cCO-ViMGA
082 0 4 _a813
_b M434n
100 1 _aMatson, Lynne
_9498
245 1 0 _aNIL :
_bComo escapar de una isla que no existe? /
_cLynne Matson ; traducción Gina Marcela Orozco Velásquez
260 _bPanamericana editorial,
_aBogota :
_c2018
300 _a408 paginas ;
_b23 cm.
520 _aEn la isla de Nil, las reglas están fijada. Tienes 365 días para escapar... o mueres. Charley, de 17 años, no conoce las reglas. Ni siquiera sabe dónde está. Solo recuerda haber perdido el conocimiento y despertar desnuda en unas rocas. Perdida y sola, no encuentra señales de otras personas hasta que conoce a Thad, el líder de un clan de adolescentes. Pronto descubre que escapar de la isla es más difícil de lo que pensaba... al igual que enamorarse. Con el tiempo de Thad a punto de acabarse, debe salvarlo primero a él para preservar su futuro...tomado de la contraportada del libro
650 1 4 _aLiteratura estadounidense
_9499
650 1 4 _aNovela estadounidense
_9373
700 1 _aOrozco Velásquez, Gina Marcela
_9130
942 _2ddc
_cBK
999 _c37236
_d37236